000 00316nam a22001337a 4500
008 171017b xxu||||| |||| 00| 0 eng d
020 _a9780073210551
041 _aeng
080 _27th
_a331.101.262
100 _a52
101 _aBNJ
245 _aHUMAN RELATIONS IN ORGANIZATIONS
_cLUSSIER,R.N
942 _2udc
_cBK
999 _c34329
_d34329